Datum a čas kvízu
26.5
Celkem bodů
Celkový počet nahraných bodů na tomto kvízu bez doplňovacích otázek.
6.
Pořadí na kvízu
Konečné umístění týmu na tomto kvízu.
Zaznamenané odpovědi
| # | Otázka | Odpověď | Body | Výsledky |
|---|---|---|---|---|
| 1. | V posledních týdnech se do Čes... | spalničky | 0 | |
| 2. | Záchranáři v úterý ráno pomocí... | Rakousko, Grossglockner | 0.5 | |
| 3. | Angličan Paul Gibbons tvrdí, ž... | tank | 1 | |
| 4. | V sobotu začal čínský nový rok... | znamení Draka | 1 | |
| 5. | Který útočník minulý týden dok... | Martin Nečas. | 1 | |
| 6. | Vítězné téma facebookového hla... | 1D 2B 3A 4C | 0 | |
| 7. | Dne 18. dubna 1997 byli odsouz... | Orličtí vrazi | 1 | |
| 8. | Říká vám něco jméno herečky Šá... | Irenka (Irena) | 1 | |
| 9. | Kolik tlačítek má na své předn... | tři | 0 | |
| 10. | Ke kterému městu se v souvislo... | Vsetín | 1 |